Ensayo sobre los datos inmediatos de la conciencia (Registro nro. 309372)

Detalles MARC
000 -ENCABEZADO
Número de control [NR] 00949cam a2200277 i 4500
005 - FECHA Y HORA DE LA ÚLTIMA TRANSACCIÓN
control field 20190213143513.0
008 - DE LONGITUD FIJA DE DATOS DE ELEMENTOS - INFORMACIÓN GENERAL
Elementos de longitud fija [NR] 180228s2006 sp r 000 0 spa d
015 ## - NUMERO DE BIBLIOGRAFIA NACIONAL [R]
Número de bibliografía nacional [R] NNN
020 ## - NUMERO INTERNACIONAL NORMALIZADO PARA LIBROS [R]
Número Internacional Normalizado del libro [NR] 8430113959
020 ## - NUMERO INTERNACIONAL NORMALIZADO PARA LIBROS [R]
Número Internacional Normalizado del libro [NR] 9788430113958
040 ## - FUENTE DE CATALOGACION [NR]
Agencia de catalogación original [NR] CO-BoUCM
Idioma de catalogación [NR] spa
Quien Cataloga Saul Niño
Quien Clasifica Saul Niño
041 0# - CODIGO DE IDIOMA [R]
Código de idioma para texto/pista de sonido o título separado [R] Español
043 ## - CODIGO DE AREA GEOGRAFICA [NR]
Código de área geográfica [R] e-fr---
100 1# - ASIENTO PRINCIPAL--NOMBRE PERSONAL [NR]
Nombre personal [NR] Bergson, Henri-Louis
Fechas asociadas con el nombre [NR] 1859-1941
ID Autoridad 1129
245 10 - MENCION DE TITULO [NR]
Título [NR] Ensayo sobre los datos inmediatos de la conciencia
Mención de responsabilidad, etc. [NR] Henri Bergson, traducción Juan Miguel Palacios
260 ## - PUBLICACION, DISTRIBUCION, ETC. (PIE DE IMPRENTA) [R]
Lugar de publicación, distribución, etc. [R] Salamanca
Nombre del editor, distribuidor, etc. [R] Sígueme
Fecha de publicación, distribución, etc. [R] 2006
300 ## - DESCRIPCION FISICA [R]
Extensión [R] 166 páginas
490 0# - MENCION DE SERIE [R]
Mención de serie [R] Hermeneia (Ediciones Sígueme)
Designación numérica/secuencial del volumen [NR] 45
650 #7 - ASIENTO SECUNDARIO DE MATERIA - TERMINO TEMATICO [R]
Término temático o nombre geográfico como elemento de entrada [NR] Conciencia (Psicología)
9 (RLIN) 11456
650 #7 - ASIENTO SECUNDARIO DE MATERIA - TERMINO TEMATICO [R]
Término temático o nombre geográfico como elemento de entrada [NR] Libre albedrio y determinismo
9 (RLIN) 18499
650 #7 - ASIENTO SECUNDARIO DE MATERIA - TERMINO TEMATICO [R]
Término temático o nombre geográfico como elemento de entrada [NR] Filosofía francesa
9 (RLIN) 15814
650 #7 - ASIENTO SECUNDARIO DE MATERIA - TERMINO TEMATICO [R]
Término temático o nombre geográfico como elemento de entrada [NR] Metafísica
9 (RLIN) 19397
700 1# - ASIENTO SECUNDARIO - NOMBRE PERSONAL [R]
Nombre personal [NR] Palacios, Juan Miguel
Fechas asociadas con el nombre [NR] 1942-
Término de relación [R] traductor
9 (RLIN) 91620
942 ## - ELEMENTOS DE ENTRADA AGREGADOS (KOHA)
Sistema de clasificación DEWEY
Tema principal Filosofía
Tipo de ítem principal el descrito en 300a Libro de reserva
Edición 1
Clasificación 194
Parte restante de la signatura top. B499e
Existencias
Fecha de último préstamo Total préstamos Total Renewals Signatura topográfica Código de barras Última vez visto Ejemplar Costo de reposición Price effective from Tipo de ítem Perdido Sistema de clasificación Dañado No prestable Tipo de ítem específico Suprimido Ubicación habitual Ubicación actual Localización Fecha de creación Proveedor Forma de adquisición Costo
23/03/2024 2 1 194 B499e 100156607 05/12/2025 Ej.1 50000.00 21/02/2018 Libro   DEWEY     Libro   Claustro Claustro 2do piso 21/02/2018 111 Compra 50000.00
17/03/2018 1 1 194 B499e 100156608 05/12/2025 Ej.2 50000.00 21/02/2018 Libro   DEWEY     Libro   Claustro Claustro 2do piso 21/02/2018 111 Compra 50000.00